zpět

Detail výsledku týmu

U Pásků, Kotvrdovice

Datum a čas kvízu

25.5 Celkem bodů Celkový počet nahraných bodů na tomto kvízu bez doplňovacích otázek.
7. Pořadí na kvízu Konečné umístění týmu na tomto kvízu.

Zaznamenané odpovědi

# Otázka Odpověď Body Výsledky
1. Které všeobecně známé tradiční... pochodu Praha - Prčice 1
2. Odvolací soud ve středu potvrd... Nicolas Sarkozy 0
3. Desítky mužů a žen prošly v so... byli nazí 0
4. Staropramen minulý týden předs... Orlando Bloom 0
5. Který zápasník o víkendu poraz... Patrik Kincl 1
6. Ve třetím díle našeho cyklu si... zúčtování 0
7. Kriminální drama s prvky černé... Mia (Wallace), (Uma) Thurman 0.5
8. Kdo z níže uvedených označil f... C 0
9. Dalším v pořadí je první díl J... Liv Tyler, Aerosmith 1
10. Patnáctku nejlepších filmů uza... Nový Zéland 0